000 00455nam a2200181 4500
020 _a978-93-88696-28-9
040 _aTrident
082 _a610
_bBHA
100 _aRajvir Bhalwar
_945384
245 _aTextbook of Community Medicine
250 _a3rd
260 _aNew Delhi
_bWolters Kluwer
_c2019
300 _aXIX,1093;
500 _abook 01
650 _aBio Medical
_942048
700 _aPuja Dudeja ,Ashok K. Jindal
_945389
942 _2ddc
_cBK
_n0
999 _c61119
_d61119